000 00907nam a2200205 a 4500
001 000003042
005 20200929150320.0
008 090706s2003 dr ab 000 0 spa d
020 _a9993425478
040 _aDO-SdBNP
_bspa
_cBNPHU
082 _a333.95554
_bH565i
100 1 _aHerrera Moreno, Alejandro
_99624
245 1 0 _aInvestigaiones ecológico-pesqueras de la langosta panulirus argus en la plataforma dominicana / :
_bAlejandro Herrera Moreno, Liliana Betancourt Fernández.
260 _aSanto Domingo :
_bInstituto Tecnológico de Santo Domingo,
_c2003.
300 _a133 p. :
_bil. , map. ;
_c22 cm.
504 _aIncluye referencias bibliográficas y notas al pie de las páginas.
650 4 _aIndustria pesquera
_zRepública Dominicana
_xInvestigaciones
_99625
650 4 _aLangostas (crustáceos)
_xInvestigaciones
_zRepública Dominicana
_99626
700 1 _aBetancourt Fernández, Liliana
_99627
999 _c2873
_d2873